000 01098cab a2200253 4500
001 WB2805-53
008 090401t1992 xxu||||| |||| 00| 0 eng d
035 _a(Sirsi) u20032
041 _aeng
245 _aLeave to appeal
260 _c1992
350 _a0
490 _aEstates Gazette Case Summaries
_v1992 EGCS 05 (25 January 1992)
520 _aA practice direction concerning the requirement of leave of the HC to bring proceedings under Town and Country Planning Act 1990 s289 and Planning (Listed Buildings and Conservation Areas) Act 1990 as amended by Planning and Compensation Act 1991 s65 and Sch 3, which concerns appeals to HC relating to enforcement notices and listed building enforcement notices.
650 _aENFORCEMENT NOTICES
650 _aLISTED BUILDINGS
650 _aPLANNING (LISTED BUILDINGS AND CONSERVATION AREAS) ACT 1990
650 _aPLANNING AND COMPENSATION ACT 1991 S65
650 _aPRACTICE DIRECTION
650 _aTOWN AND COUNTRY PLANNING ACT 1990 S289
690 _aPLANNING LAW AND PRACTICE-CASE LAW
942 _n0
948 _c04/03/1997
999 _c13421
_d13421